000
00204nam a22000857a 4500
001
1235121
005
20250930101445.0
245
_a
ÇAT KAPI DAYIM
_c
FADİME USLU
260
_b
GÜNIŞIĞI KİTAPLIĞI YAYINLARI
999
_c
1235121
_d
1235121